History Quiz

Random History or Biography Quiz

Famous Ancient Romans Quiz Stats

Quiz Updated Mar 26, 2015

Challenge
Share
Tweet
Embed
Score 0/30 Timer 10:00
84 Plays Today
% Correct
Romulus
94.7%
Julius Caesar
91.1%
Mark Antony
76.6%
Constantine the Great
70.1%
Virgil
68%
Caligula
60.5%
Ovid
59.4%
Scipio Africanus
58.8%
Cicero
57%
Gaius Octavius
55.1%
Nero
54.2%
Pompey
53%
Augustine of Hippo
50.2%
Crassus
47.8%
Appius Claudius Caecus
45.3%
% Correct
Marcus Aurelius
44.8%
Horace
44.5%
Seneca
43.7%
Justinian I
43.3%
Cincinnatus
38.5%
Cato the Elder
38.4%
Marcus Vipsanius Agrippa
38.1%
Lepidus
36.7%
Vespasian
34.7%
Tiberius Gracchus
34.1%
Hadrian
33.5%
Diocletian
32.9%
Gaius Marius
32.9%
Trajan
32.2%
Lucius Junius Brutus
31.9%

You're not logged in!

Compare scores with friends on all Sporcle quizzes.
Sign Up with Email
OR
Log In

You Might Also Like...

Show Comments

Extras

Top Quizzes Today


Score Distribution

Your Account Isn't Verified!

In order to create a playlist on Sporcle, you need to verify the email address you used during registration. Go to your Sporcle Settings to finish the process.